Diagnostic molecular pathology /

Bibliographic Details
Other Authors: Leonard, Debra G. B.
Format: Book
Language:English
Published: Philadelphia : Saunders, 2003.
Edition:First edition.
Series:Major problems in pathology ; v. 41.
Subjects:

MARC

Tag First Indicator Second Indicator Subfields
LEADER 00000cam a22000004a 4500
001 in00004496813
005 20191203130928.0
008 020815s2003 paua b 001 0 eng
010 |a  2002030522 
015 |a GBA3-Y7450 
016 7 |a 101152249  |2 DNLM 
020 |a 0721600476 
035 |a (OCoLC)ocm50477222 
035 |z (UtOrBLW)33840 
035 |a 49944 
040 |a DNLM/DLC  |c DLC  |d NLM  |d UKM  |d C#P  |d UtOrBLW 
042 |a pcc 
049 |a TMVM  |c 1 
050 0 0 |a RB43.7  |b .D525 2003 
060 1 0 |a QY 95  |b D5364 2003 
082 0 0 |a 616.07/5  |2 21 
245 0 0 |a Diagnostic molecular pathology /  |c [edited by] Debra G.B. Leonard. 
250 |a First edition. 
264 1 |a Philadelphia :  |b Saunders,  |c 2003. 
300 |a xiii, 208 pages :  |b illustrations (some color) ;  |c 27 cm. 
336 |a text  |2 rdacontent  |b txt 
337 |a unmediated  |2 rdamedia 
338 |a volume  |2 rdacarrier  |b nc 
490 1 |a Major problems in pathology ;  |v v. 41 
504 |a Includes bibliographical references and index. 
505 0 |a Introduction to molecular pathology -- Basic principles of molecular biology -- Molecular methods in the diagnostic laboratory -- Sarcomas -- Carcinomas -- Leukemias and lymphomas -- Infectious diseases -- Genetics -- Indentity testing : applications of DNA typing in anatomic pathology -- The future of molecular pathology 
650 2 |a Cytogenetic Analysis  |x methods. 
650 2 |a Pathology, Clinical  |x methods. 
650 2 |a Molecular Biology  |x methods. 
700 1 |a Leonard, Debra G. B. 
830 0 |a Major problems in pathology ;  |v v. 41. 
999 |a MARS 
999 f f |s ebd6e468-57b8-361e-94c7-cd03fccca9d6  |i 0314a7e4-3100-334c-b4f0-d3dd896270e8  |t 0 
952 f f |p ric  |a Texas A&M University  |b Rellis Campus  |c Joint Library Facility  |d Remote Storage  |t 0  |e QY 95 D5364 2003  |h National Library of Medicine classification  |i unmediated -- volume  |m 3238901731453 
998 f f |a QY 95 D5364 2003  |t 0  |l Remote Storage